| 000 | 00447cam a2200193ua 4500 | ||
|---|---|---|---|
| 020 | _c6.00 | ||
| 041 |
_ahin _h |
||
| 082 |
_a891.54 _bSAC/MA |
||
| 100 | _aSachirani, Gurtu . | ||
| 245 |
_aMahadevi varma / _cGurtu sachirani. _hTextual Documents |
||
| 250 |
_a3 / _b. |
||
| 260 |
_a : _bAtmaram and Sons , _c1963. |
||
| 300 | _a268 ; . | ||
| 365 | _a6.00 | ||
| 504 | _a | ||
| 942 | _cBK | ||
| 999 |
_c3726 _d3726 |
||